00951nam a22002537a 45000010005000000030006000050050017000110080041000280200018000690400031000870500011001180820014001291000019001432450088001622500044002502600035002943000060003295050008003895200187003975210020005845210020006046500041006247000032006653130FISKH20240208090653.0240208b cb ||||| |||| 00| 0 eng d a9780590461887 aFISKH beng cFISKHdFISKH aGT4975 a974.48202 aMcGovern, Ann  aThe Pilgrims' first thanksgiving /cby McGovern, Ann : illustrated by Freem, Elroy  aFirst Scholastic printing, October 1993 aNew York :bScholastic ,c1973 a30 unnumbered pages : bcolor illustrations ;c26 cm .  aN  aDescribes the voyage of the Mayflower and the difficulties encountered by the Pilgrims during their first year in the New World, and recounts how they celebrated their first harvest.8 a570 bLexile 8 aN bRaz-Plus  aNative Americansvhistorical fiction aFreem, Elroy eillustrator